| 000 | 01558nam a2200313 a 4500 | ||
|---|---|---|---|
| 001 | BRCA_2514 | ||
| 005 | 20190320203839.0 | ||
| 008 | 251108s1861----fr-#---###---#000-0dspa-u | ||
| 041 | _aspa | ||
| 044 | _afr | ||
| 084 |
_a148 _b.B39 _c1861 |
||
| 100 | 1 |
_aCervantes Saavedra, Miguel de _d1547-1616 _9213 |
|
| 245 | 1 | 0 |
_aEl Ingenioso Hidalgo Don Quijote de la Mancha _bcon la vida de Cervantes _ccompuesto por Miguel de Cervantes Saavedra. |
| 260 |
_aParís _bBaudry _c1861 |
||
| 300 |
_a679 p. _c23 cm. |
||
| 440 | 0 |
_aObras de Miguel de Cervantes Saavedra _n1 _97226 |
|
| 500 | _aContenido : Primera parte. Vida de Cervantes por M. F. de Navarrete. Dedicatoria del autor. Prólogo del autor. Versos preliminares. Texto. Segunda parte. Dedicatoria del autor. Prólogo del autor. Texto | ||
| 500 | _aReimpresión de la edición del mismo editor, publicada en 1855, con la biografía del autor, escrita por Navarrete. Bien impresa, pero sin láminas. Forma parte de Obras de M. de Cervantes S., t. I Lúdovik Osterc | ||
| 500 | _aEstado físico : Notas manuscritas a lápiz. Encuadernación en papel muy maltratado | ||
| 500 | _aQM134 | ||
| 650 | 1 | 4 |
_aNovela española _yÉpoca clásica, 1500-1700 _9215 |
| 650 | 1 | 4 |
_aLiteratura española _yÉpoca clásica, 1500-1700 _9216 |
| 650 | 1 | 4 |
_aNovela española _ySiglo XVII _9217 |
| 650 | 1 | 4 |
_aDon Quijote (Personaje ficticio) _eNovela _9218 |
| 700 | 1 |
_aFernández de Navarrete, Martín _d1765-1844 _eBiógrafo _97227 |
|
| 740 | 0 | _aEl Ingenioso Hidalgo Don Quijote de la Mancha | |
| 902 | _aQFM | ||
| 942 |
_2lcc _cB |
||
| 999 |
_c2255 _d2255 |
||